Statistiques concernant Pokémon - Equipes des champions 3G (Emeraude)

Cliquez ici pour prendre le quiz!

Statistiques générales

  • Ce quiz a été pris 556 fois
  • Le résultat moyen est 47 sur 58

Statistiques - réponses

HintRéponse% Correct
RoxanneRacaillou
97%
Racaillou
97%
Tarinor
97%
Magnéton
95%
Monaflémit
95%
Chartor
94%
Elecsprint
94%
Vigoroth
94%
Solaroc
93%
BastienMachoc
92%
Makuhita
92%
Séléroc
92%
Altaria
91%
Altaria
91%
Drattak
91%
Dynavolt
91%
Kaimorse
90%
Branette
89%
Branette
89%
Téraclope
89%
SpectraTéraclope
89%
VoltèreVoltorbe
89%
Libégon
88%
Limagma
88%
Milobellus
88%
Oniglali
88%
Oniglali
88%
Meditikka
87%
Phogleur
84%
Phogleur
84%
GlaciaPhogleur
84%
Camerupt
83%
AdrianeChamallot
83%
Airmure
81%
DamienGrahyéna
80%
Ténéfix
80%
Absol
78%
Bekipan
78%
AragonDrackhaus
78%
Tengalice
78%
Kaorine
77%
Barbicha
76%
Barbicha
76%
JuanLovdisc
75%
Cacturne
72%
MarcWailord
72%
Leviator
71%
Hyporoi
70%
Hyporoi
70%
Linéon
69%
Tropius
69%
Ludicolo
68%
Colhomard
64%
Colhomard
64%
NormanSpinda
60%
Lévy & TatiaXatu
60%
AlizéeTylton
58%
Tentacruel
45%

Distribution des résultats

Percentile par nombre de réponses

% des personnes avec chaque résultat

Votre développement - résultats

Vous n’avez pas pris ce quiz